[Event "Reykjavik Open 2024"]
[Site "Reykjavik"]
[Date "2024.03.20"]
[Round "8.13"]
[White "Cornette, Matthieu"]
[Black "Jacobsen, Mikkel Manosri"]
[Result "1/2-1/2"]
[WhiteElo "2575"]
[BlackElo "2367"]
[Annotator "TA"]
[PlyCount "59"]
[EventDate "2024.03.12"]
[EventCountry "ISL"]
[SourceTitle "playchess.com"]
[Source "ChessBase"]
[SourceQuality "1"]
[TimeControl "40/5400+30:1800+30"]

{[%evp 14,59,6,0,0,0,22,17,32,22,0,0,44,44,17,0,36,-42,-69,-50,-55,-114,-120,-114,-51,-45,-33,-35,-47,-38,-37,-100,-24,-31,0,0,0,0,0,0,0,0,0,-2,-9,-7,0,0]} 1. e4 {[%emt 0:01:27]} c6 {[%emt 0:00:05]} 2. d4 {[%emt 0:00:16]} d5 {[%emt 0:00:06]} 3. e5 {[%emt 0:00:17]} Bf5 {[%emt 0:00:10]} 4. h4 {[%emt 0:00:45]} h5 {[%emt 0:00:06]} 5. c4 {[%emt 0:00:24]} e6 {[%emt 0:01:13]} 6. Nc3 {[%emt 0:00:14]} dxc4 {[%emt 0:02:33]} 7. Bxc4 {[%emt 0:00:56]} Nd7 {[%emt 0:00:09]} 8. Nge2 {[%emt 0:00:44]} Be7 {[%emt 0:00:55]} 9. g3 {[%emt 0:00:30]} b5 {[%emt 0:02:22][%cal Bb7b5,Bb5b4][%mdl 32]} 10. Bb3 {[%emt 0:01:59]} b4 {[%emt 0:00:21]} 11. Nb1 {[%emt 0:01:11]} Nh6 {[%emt 0:22:33]} 12. O-O {[%emt 0:06:52]} g5 {[%emt 0:00:24]} 13. hxg5 {[%emt 0:02:58]} Bxg5 {[%emt 0:01:22]} 14. Bxg5 {[%emt 0:01:21]} Qxg5 {[%emt 0:00:06]} 15. Qc1 {[%emt 0:09:46]} (15. Nd2 $14) 15... Qxc1 $15 {[%emt 0:01:45]} 16. Rxc1 {[%emt 0:00:10]} Bg4 {[%emt 0:06:04]} 17. Bd1 {[%emt 0:12:18]} (17. Nf4 $15 Nf5 18. Rc4) 17... Nf5 $17 {[%emt 0:04:23]} 18. Rc4 {[%emt 0:00:09]} Rb8 {[%emt 0:03:35]} (18... Rd8 $17 {[%cal Od7e5]} 19. Rxb4 (19. Rxc6 $2 {loses.} Bxe2 20. Bxe2 Nxd4 $19) 19... a5) 19. Nd2 $15 {[%emt 0:09:42]} Nb6 {[%emt 0:02:48]} 20. Rc5 {[%emt 0:05:26] [#] Strongly threatening f3.} ({Much weaker is} 20. Rxb4 Bxe2 21. Bxe2 a5 $17) 20... Bxe2 {[%emt 0:06:42]} 21. Bxe2 {[%emt 0:00:03]} Nxd4 {[%emt 0:00:07]} 22. Bf3 {[%emt 0:03:34]} ({White should play} 22. Bd1 $15) 22... Nd7 {[%emt 0:14:39] A dynamic duo of knights.} (22... Rd8 $17 {Threatens to win with ...h4.} 23. a3 b3) 23. Bxc6 $11 {[%emt 0:05:11]} Rc8 {[%emt 0:02:58]} 24. Bxd7+ {[%emt 0:00:29] The position is equal.} Kxd7 {[%emt 0:00:32]} 25. Ra5 {[%emt 0:00:31]} Nc6 {[%emt 0:06:26]} 26. Ra6 {[%emt 0:04:50]} Nxe5 {[%emt 0:04:42]} 27. Rxa7+ {[%emt 0:09:59]} Rc7 {[%emt 0:00:10]} 28. Ra5 {[%emt 0:10:52]} Nd3 {[%emt 0:01:41]} 29. Nf3 {[%emt 0:01:48]} Rhc8 {[%emt 0:00:55]} 30. Ne5+ {[%emt 0:04:45] Weighted Error Value: White=0.15 (very precise) /Black=0.16 (very precise) .  Mistake:       	White=3     	Black=2      Inaccurate:     	---       	Black=3      OK:         	White=11    	Black=8      Best:        	---       	Black=3} 1/2-1/2

[Event "Reykjavik Open 2024"]
[Site "Reykjavik"]
[Date "2024.03.20"]
[Round "8.37"]
[White "Mensing, Adrian"]
[Black "Domalchuk-Jonasson, Aleksandr"]
[Result "0-1"]
[WhiteElo "1980"]
[BlackElo "2355"]
[Annotator "TA"]
[PlyCount "52"]
[EventDate "2024.03.12"]
[EventCountry "ISL"]
[SourceTitle "playchess.com"]
[Source "ChessBase"]
[SourceQuality "1"]

1. d4 d5 2. c4 e6 3. Nf3 a6 4. g3 dxc4 5. Bg2 b5 6. O-O Bb7 7. a4 Nf6 8. axb5 axb5 9. Rxa8 Bxa8 10. Nc3 b4 11. Nb1 Nbd7 12. Qa4 Nd5 13. e4 N5b6 14. Qc2 Nf6 15. e5 Be4 16. Qd1 Bxb1 17. exf6 gxf6 18. Nd2 Bd3 19. Bc6+ Ke7 20. Ne4 Bxf1 21. Bd2 c3 22. bxc3 Bd3 23. c4 Qxd4 24. Bxb4+ Kd8 25. Bc3 Qxc4 26. Bxf6+ Kc8 0-1

[Event "Reykjavik Open 2024"]
[Site "Reykjavik"]
[Date "2024.03.20"]
[Round "8.40"]
[White "Vega, Isaac"]
[Black "Saine, Zachary"]
[Result "0-1"]
[WhiteElo "1818"]
[BlackElo "2010"]
[Annotator "RC"]
[PlyCount "62"]
[EventDate "2024.03.12"]
[EventCountry "ISL"]
[SourceTitle "playchess.com"]
[Source "ChessBase"]
[SourceQuality "1"]

1. e4 e5 2. Nf3 Nc6 3. Bb5 a6 4. Ba4 Nf6 5. O-O b5 6. Bb3 Be7 7. Re1 d6 8. c3 O-O 9. h3 Na5 10. Bc2 d5 11. Nxe5 dxe4 12. d4 exd3 13. Bxd3 Bb7 14. Nd2 Re8 15. Ndf3 Qd5 16. Bf4 c5 17. b3 c4 18. bxc4 Nxc4 19. Nxc4 bxc4 20. Bc2 Ba3 21. Qxd5 Nxd5 22. Rxe8+ Rxe8 23. Ba4 Re2 24. Rb1 Rb2 25. Re1 Nxf4 26. Re8+ Bf8 27. Ne5 Rxa2 28. Nd7 Ne6 29. Nb6 Rxa4 30. Rxf8+ Kxf8 31. Nxa4 Bc6 0-1

[Event "Reykjavik Open 2024"]
[Site "Reykjavik"]
[Date "2024.03.21"]
[Round "9.13"]
[White "Zhu, Jiner"]
[Black "Cieslak, Patryk"]
[Result "1/2-1/2"]
[WhiteElo "2467"]
[BlackElo "2325"]
[Annotator "TA"]
[PlyCount "90"]
[EventDate "2024.03.12"]
[EventCountry "ISL"]
[SourceTitle "playchess.com"]
[Source "ChessBase"]
[SourceQuality "1"]

1. e4 c6 2. d4 d5 3. e5 Bf5 4. h4 h5 5. Bd3 Bxd3 6. Qxd3 Qa5+ 7. Nd2 e6 8. Ngf3 Qa6 9. c4 Bb4 10. b3 Ne7 11. a4 c5 12. dxc5 Nd7 13. O-O Nxc5 14. Qc2 Rc8 15. Ba3 Bxa3 16. Rxa3 Qa5 17. cxd5 exd5 18. Ra2 Ne6 19. Qb1 Qb4 20. Rc1 O-O 21. Rxc8 Rxc8 22. Rc2 Rc3 23. g3 d4 24. Rc1 Rxc1+ 25. Qxc1 Qc3 26. Qd1 d3 27. Nc4 Nd5 28. Nfd2 Nb6 29. Ne4 Qc2 30. Ne3 Qxd1+ 31. Nxd1 Nd7 32. f4 Ndc5 33. Nd2 Nd4 34. Nb2 Ncxb3 35. Nxb3 Nxb3 36. Nxd3 b6 37. Kf2 Nd4 38. Ke3 Nf5+ 39. Kf3 Nd4+ 40. Ke3 Nf5+ 41. Kf3 g6 42. g4 hxg4+ 43. Kxg4 Ng7 44. Nb4 Ne6 45. Nc6 Nc5 1/2-1/2

[Event "Reykjavik Open 2024"]
[Site "Reykjavik"]
[Date "2024.03.21"]
[Round "9.21"]
[White "Bisby, Daniel L"]
[Black "Seemann, Jakub"]
[Result "0-1"]
[WhiteElo "2273"]
[BlackElo "2451"]
[Annotator "RC"]
[PlyCount "48"]
[EventDate "2024.03.12"]
[EventCountry "ISL"]
[SourceTitle "playchess.com"]
[Source "ChessBase"]
[SourceQuality "1"]

1. e4 c6 2. d4 d5 3. e5 Bf5 4. h4 h5 5. Bd3 Bxd3 6. Qxd3 Qa5+ 7. Nd2 e6 8. Ngf3 Nh6 9. O-O Nf5 10. b3 Be7 11. g3 O-O 12. c4 Rd8 13. Bb2 c5 14. dxc5 Bxc5 15. Kg2 Nc6 16. Qe2 Bd4 17. Rab1 Qxa2 18. Nxd4 Ncxd4 19. Qxh5 Nxb3 20. Nf3 dxc4 21. g4 Nh6 22. g5 Nf5 23. g6 fxg6 24. Qxg6 Qa6 0-1

[Event "Reykjavik Open 2024"]
[Site "Reykjavik"]
[Date "2024.03.21"]
[Round "9.28"]
[White "Brackmann, Hendrik"]
[Black "Dauner, Benedikt"]
[Result "0-1"]
[WhiteElo "2037"]
[BlackElo "2366"]
[Annotator "TA"]
[PlyCount "54"]
[EventDate "2024.03.12"]
[EventCountry "ISL"]
[SourceTitle "playchess.com"]
[Source "ChessBase"]
[SourceQuality "1"]

1. e4 e6 2. d4 a6 3. Nf3 d5 4. e5 c5 5. c3 Bd7 6. Be2 Bb5 7. Bxb5+ axb5 8. dxc5 Bxc5 9. b4 Bb6 10. Qd3 Nc6 11. Na3 f6 12. exf6 Nxf6 13. O-O O-O 14. Nxb5 e5 15. Qe2 Ng4 16. Be3 Bxe3 17. fxe3 Qb6 18. Rfe1 e4 19. Nfd4 Nce5 20. h3 Rf2 21. Qd1 Qg6 22. hxg4 Rxg2+ 23. Kxg2 Nxg4 24. Qe2 Rf8 25. Rf1 Nf2+ 26. Kh2 Qg4 27. Rfe1 Nh3 0-1

[Event "Reykjavik Open 2024"]
[Site "Reykjavik"]
[Date "2024.03.21"]
[Round "9.34"]
[White "Ptacnikova, Lenka"]
[Black "Lohia, Sohum"]
[Result "0-1"]
[WhiteElo "2067"]
[BlackElo "2354"]
[Annotator "TA"]
[PlyCount "119"]
[EventDate "2024.03.12"]
[EventCountry "ISL"]
[SourceTitle "playchess.com"]
[Source "ChessBase"]
[SourceQuality "1"]

1. d4 Nf6 2. Nc3 d5 3. Bf4 e6 4. Nb5 Na6 5. e3 Be7 6. Nf3 O-O 7. Ne5 Ne4 8. f3 Nf6 9. g4 Nd7 10. Qd2 c6 11. Nc3 Nxe5 12. Bxe5 Nb8 13. a3 b6 14. Bg3 c5 15. Bg2 Nc6 16. O-O cxd4 17. exd4 Nxd4 18. Rad1 Ba6 19. Rfe1 Nb5 20. Nxb5 Bxb5 21. f4 Re8 22. f5 Bc5+ 23. Kh1 Rc8 24. Qf4 Qf6 25. c3 Rcd8 26. g5 Qxf5 27. Qxf5 exf5 28. Rxe8+ Bxe8 29. Rxd5 Rxd5 30. Bxd5 Be3 31. Bb8 a5 32. b4 axb4 33. axb4 Bxg5 34. Bd6 b5 35. c4 bxc4 36. Bxc4 Bc6+ 37. Kg1 Be3+ 38. Kf1 Bb6 39. Ke2 g5 40. Be7 g4 41. Bd6 Kg7 42. Ba6 h5 43. Bg3 Kf6 44. b5 Bf3+ 45. Ke1 Kg5 46. h4+ gxh3 47. Bh2 Be3 48. Kf1 Kg4 49. Bc8 Bf4 50. Kg1 Be3+ 51. Kf1 Be4 52. Ke2 Bf4 53. Bxf4 Kxf4 54. b6 h2 55. b7 h1=Q 56. b8=Q+ Kg4 57. Qb4 Qf3+ 58. Kd2 Qf4+ 59. Kc3 Qc1+ 60. Kd4 0-1

[Event "Reykjavik Open 2024"]
[Site "Reykjavik"]
[Date "2024.03.21"]
[Round "9.44"]
[White "Wolff, Michael"]
[Black "Roberts, Tallulah"]
[Result "1-0"]
[WhiteElo "1874"]
[BlackElo "1671"]
[Annotator "NA RC"]
[PlyCount "111"]
[EventDate "2024.03.12"]
[EventCountry "ISL"]
[SourceTitle "playchess.com"]
[Source "ChessBase"]
[SourceQuality "1"]

1. e4 e6 2. d4 d5 3. Nc3 Bb4 4. Nge2 dxe4 5. a3 Be7 6. Nxe4 Nf6 7. Nxf6+ Bxf6 8. c3 b6 9. Bf4 Bb7 10. Nc1 O-O 11. Nd3 Nd7 12. Qh5 g6 13. Qh3 Bg7 14. Be2 Nf6 15. O-O Rc8 16. Rad1 Qe8 17. Rfe1 Qa4 18. Bf3 Bxf3 19. Qxf3 Nd5 20. Be5 Rfd8 21. Bxg7 Kxg7 22. Ne5 Rf8 23. Rd2 Qe8 24. c4 Nf6 25. h3 c6 26. Red1 b5 27. b3 a6 28. Qc3 Ne4 29. Qe3 Nxd2 30. Rxd2 h5 31. Qe4 f6 32. Nd3 bxc4 33. bxc4 a5 34. Re2 Qe7 35. Nf4 Qf7 36. Nxe6+ Kg8 37. Nxf8 Kxf8 38. Qe6 Qxe6 39. Rxe6 Kf7 40. Rd6 Ke7 41. c5 Kf7 42. g3 g5 43. Kf1 Kg6 44. g4 hxg4 45. hxg4 Kf7 46. Ke2 Re8+ 47. Kd3 Rb8 48. Rxc6 Rb3+ 49. Ke4 Rxa3 50. Rc7+ Kg6 51. d5 Ra1 52. d6 Rd1 53. d7 a4 54. c6 a3 55. Ra7 a2 56. Rxa2 1-0